Catálogo
 En Linea

El cine musical de Hollywood / (Registro nro. 29418)

Detalles MARC
000 -CABECERA
campo de control de longitud fija 00548nam a2200193 a 4500
001 - NÚMERO DE CONTROL
campo de control 000029926
005 - FECHA Y HORA DE LA ÚLTIMA TRANSACCIÓN
campo de control 20200930055920.0
008 - DATOS DE LONGITUD FIJA--INFORMACIÓN GENERAL
campo de control de longitud fija 110427s1997 sp ab 000 0 spa d
020 ## - NÚMERO INTERNACIONAL ESTÁNDAR DEL LIBRO
Número Internacional Estándar del Libro 8492215089
020 ## - NÚMERO INTERNACIONAL ESTÁNDAR DEL LIBRO
Número Internacional Estándar del Libro 8492215062
041 17 - CÓDIGO DE LENGUA
Código de lengua del texto/banda sonora o título independiente spa
-- eng
040 ## - FUENTE DE LA CATALOGACIÓN
Centro catalogador/agencia de origen DO-SdBNP
100 1# - ENTRADA PRINCIPAL--NOMBRE DE PERSONA
Nombre de persona Musó cabús, Joan
9 (RLIN) 56672
245 10 - MENCIÓN DE TÍTULO
Título El cine musical de Hollywood /
Mención de responsabilidad, etc. Joan Musó cabú.
260 ## - PUBLICACIÓN, DISTRIBUCIÓN, ETC.
Lugar de publicación, distribución, etc. Barcelona :
Nombre del editor, distribuidor, etc. FILM Ideal,
Fecha de publicación, distribución, etc. 1997.
300 ## - DESCRIPCIÓN FÍSICA
Extensión 2v. :
Otras características físicas il., retrs. ;
Dimensiones 28 cm.
500 ## - NOTA GENERAL
Nota general Texto a dos columnas
505 0# - NOTA DE CONTENIDO CON FORMATO
Información miscelánea v.1
Título 1927-1944
Información miscelánea v.2
Título 1945-1997
Existencias
Estado de retiro Estado de pérdida Restricciones de uso No para préstamo Código de colección Localización permanente Ubicación/localización actual Ubicación en estantería Fecha de adquisición Número de inventario Total de préstamos Signatura topográfica completa Código de barras Fecha visto por última vez Precio válido a partir de Tipo de ítem Koha
        Monografías: Libros y Folletos General General Orden iniciada 27.04.2011 LF1   29926-10 25.06.2020 25.06.2020 No se presta

Con tecnología Koha